书目信息 |
| 题名: |
那些事, 那些人
|
|
| 作者: | 韩寒 , 郭敬明 著 | |
| 分册: | ||
| 出版信息: | 北京 人民文学出版社 2006.07 |
|
| 页数: | 360页 | |
| 开本: | 21cm | |
| 丛书名: | ||
| 单 册: | ||
| 中图分类: | I267 | |
| 科图分类: | ||
| 主题词: | 散文--san wen--中国--当代--作品集 | |
| 电子资源: | ||
| ISBN: | 7-02-004769-6 | |
| 000 | 00952nam0 2200241 450 | |
| 001 | 012006103335 | |
| 005 | 20060927160544.32 | |
| 010 | @a7-02-004769-6@dCNY24.00 | |
| 100 | @a20060808d2006 km y0chiy0120 ea | |
| 101 | 0 | @achi |
| 102 | @aCN@b110000 | |
| 105 | @ay z 000cy | |
| 200 | 1 | @a那些事, 那些人@Ana xie shi,na xie ren@e2000-2005年《萌芽》散文精选@f韩寒, 郭敬明等著@Fhan han,guo jing ming deng zhu |
| 210 | @a北京@c人民文学出版社@d2006.07 | |
| 215 | @a360页@d21cm | |
| 330 | @a本书精选《萌芽》杂志2000~2005年发表的优秀散文作品;本书是一本散文作品集,收录了我的大一生涯、我的现实与理想、我爱美少年、发色问题、成长的痛、关于女人、这些小地震、菊花之墙等。 | |
| 517 | 1 | @a2000-2005年《萌芽》散文精选@A2000-2005 nian《meng ya》san wen jing xuan |
| 606 | 0 | @a散文@Asan wen@y中国@z当代@j作品集 |
| 690 | @aI267@v4 | |
| 701 | 0 | @a韩寒@Ahan han@4著 |
| 701 | 0 | @a郭敬明@Aguo jing ming@4著 |
| 801 | 0 | @aCN@c20060927 |
| 905 | @a10447@dI267@eH085 | |
| 那些事, 那些人:2000-2005年《萌芽》散文精选/韩寒, 郭敬明等著.-北京:人民文学出版社,2006.07 |
| 360页;21cm |
| ISBN 7-02-004769-6:CNY24.00 |
| 本书精选《萌芽》杂志2000~2005年发表的优秀散文作品;本书是一本散文作品集,收录了我的大一生涯、我的现实与理想、我爱美少年、发色问题、成长的痛、关于女人、这些小地震、菊花之墙等。 |
| ● |
| 相关链接 |
|
|
|
正题名:那些事, 那些人
索取号:I267/H085
 
预约/预借
| 序号 | 登录号 | 条形码 | 馆藏地/架位号 | 状态 | 备注 |
| 1 | 599852 | 205998526 | 文学库116/400B社科库 19排2列3层/ [索取号:I267/H085] | 在馆 | |
| 2 | 599853 | 205998535 | 文学库116/116文学库 3排6列3层/ [索取号:I267/H085] | 在馆 | |
| 3 | 599854 | 205998544 | 文学库116/ [索取号:I267/H085] | 在馆 |